All Twice Songs pt2 - Statistics

General Stats
  • This quiz has been taken 31 times
    26 since last reset
  • The average score is 33 of 54
Answer Stats
Answer % Correct
Do not touch
94%
ABCD
89%
POP!
89%
Run Away
89%
Funny Valentine
83%
KILLIN’ ME GOOD
83%
Bouquet
78%
Identity
78%
Marshmallow
78%
NEW LOOK
78%
Behind The Curtain
72%
Butterflies
72%
CLOSER
72%
HAPPY BIRTHDAY TO YOU
72%
Mirage
72%
NIGHTMARE
72%
ROOM
72%
RUNWAY
72%
ALL OR NOTHING
67%
HalliGalli (ft. Lee Chanhyuk)
67%
Heaven (ft. Sam Kim)
67%
It’s not easy for you
67%
Lazy Baby (ft.pH-1)
67%
LOVE COUNTDOWN (ft. Wonstein)
67%
Magic (ft. Julie)
67%
Misty
67%
Money In My Pocket
67%
NO PROBLEM (ft. Felix)
67%
SUNSET
67%
TALKIN’ ABOUT IT (ft.24kGoldn)
67%
Wah Wah Wah
67%
WISHING ON YOU
67%
Baby, I’m good
61%
CANDYFLOSS
61%
Daydream
61%
DON’T WANNA GO BACK (Duet with Heize)
61%
GIRL
61%
Jealousy
61%
One Love
61%
Rewind you
61%
Something
61%
Count It
56%
Fly
56%
Heartbreak In Heaven (ft.PENIEL of BTOB)
56%
BF
50%
Losing Sleep
50%
BAND-AID
44%
MY GUITAR
39%
SHOOT (Firecracker)
33%
SHADOW PUPPET
28%
Era (with Tayla Parx)
22%
AVOCADO (feat. Gliiico)
6%
DOWNPOUR (feat. Gliiico)
6%
RIBBON (feat. SUMIN, Jibin of Y2K92)
0%
No matching quizzes found
Score Distribution
Percent of People with Each Score
Percentile by Number Answered
Your Score History
You have not taken this quiz since the last reset